Statistics for Top 10 Greatest NBA Players Of All Time

Click here to take the quiz!

General Stats

  • This quiz has been taken 1,191 times
  • The average score is 6 of 10

Answer Stats

HintAnswer% Correct
1Michael Jordan
99%
2Kareem-Abdul-Jabbar
80%
4Magic Johnson
79%
7Larry Bird
78%
10John Stockton
59%
5Hakeem Olajuwon
58%
6Kobe Bryant
56%
3Wilt Chamberlain
54%
8Shaquille O'Neal
53%
9Allen Iverson
27%

Score Distribution

Percentile by Number Answered

Percent of People with Each Score

Your Score History

You have not taken this quiz